Adjustment processes in Slovak manufacturing enterprises during the years 2002 - 2004
Výsledky prieskumu v slovenskej priemyselnej podnikovej sfére, ktorý sa uskutočnil v roku 2004 a bol zameraný na posúdenie zmien v adaptačných procesoch v súvislosti so vstupom na spoločný trh EÚ.
Gespeichert in:
| 1. Verfasser: | |
|---|---|
| Weitere Verfasser: | |
| Format: | Buchkapitel |
| Sprache: | Englisch |
| Schlagworte: | |
| Tags: |
Keine Tags, Fügen Sie das erste Tag hinzu!
|
MARC
| LEADER | 00000naa$a2200000$$$4500 | ||
|---|---|---|---|
| 001 | 0031516 | ||
| 005 | 20240502071437.6 | ||
| 041 | 0 | |a eng | |
| 044 | |a SK | ||
| 245 | 1 | 0 | |a Adjustment processes in Slovak manufacturing enterprises during the years 2002 - 2004 |c Miroslav Majtán, Jana Sršňová |
| 520 | |a Výsledky prieskumu v slovenskej priemyselnej podnikovej sfére, ktorý sa uskutočnil v roku 2004 a bol zameraný na posúdenie zmien v adaptačných procesoch v súvislosti so vstupom na spoločný trh EÚ. | ||
| 610 | 2 | 0 | |a výskum ekonomický |
| 610 | 2 | 0 | |a konkurencia |
| 610 | 2 | 0 | |a prostredie ekonomické |
| 610 | 2 | 0 | |a Slovensko |
| 610 | 2 | 0 | |a Európska únia |
| 610 | 2 | 0 | |a adaptácia |
| 610 | 2 | 0 | |a podnik |
| 610 | 2 | 0 | |a podnikanie |
| 610 | 2 | 0 | |a prostredie podnikateľské |
| 610 | 2 | 0 | |a trh |
| 100 | 1 | |a Majtán, Miroslav | |
| 700 | 1 | |a Sršňová, Jana | |